| 000 | 01525nam a22003977a 4500 | ||
|---|---|---|---|
| 003 | CHAP | ||
| 005 | 20220817042506.0 | ||
| 008 | 971013s r 00010 d | ||
| 010 | _a46199 | ||
| 011 | _a47171 | ||
| 035 | _a51313 | ||
| 040 | _cCHAP | ||
| 082 |
_a635 _bU56 |
||
| 100 | 0 | 0 |
_aUnión Nacional de Productores de Hortalizas. México. _9116247 |
| 245 | _aComercialización de hortalizas mexicanas en Estados Unidos y Canadá | ||
| 260 |
_a(s.l. : _bs.e.), _c(s.a.) |
||
| 300 |
_a3 v. _b; gráfs. |
||
| 590 |
_aBATCH-UPD _b10 _c20130110 _lUCH01 _h0122 |
||
| 590 |
_aBATCH-UPD _b10 _c20130110 _lUCH01 _h1620 |
||
| 590 |
_aBATCH-UPD _b10 _c20130409 _lUCH01 _h2115 |
||
| 590 |
_aBATCH-UPD _b10 _c20130410 _lUCH01 _h1015 |
||
| 590 |
_aBATCH-UPD _b10 _c20130914 _lUCH01 _h1719 |
||
| 590 |
_aCONVERSION _b10 _c20130109 _lUCH01 _h1325 |
||
| 650 | 0 | 4 |
_aMéxico _xComercio _zE.U.A. |
| 650 | 1 | 4 |
_aLegumbres _xMercadeo _xMéxico. _965747 |
| 650 | 1 | 4 |
_aMéxico _xComercio _xCanadá. _976677 |
| 650 | 1 | 4 |
_aTomate _xMercadeo. _9113738 |
| 901 | _aBK | ||
| 942 | _cLIBRO | ||
| 949 |
_a635 U56 _bBC _cLIBRO _d33724000249470 _eLIBRO _fv.2 _h42635 _i51313 _mD _si |
||
| 949 |
_a635 U56 _bBC _cLIBRO _d33724000249488 _eLIBRO _fv.1 _h42634 _i51313 _mD _si |
||
| 949 |
_a635 U56 _bBC _cLIBRO _d33724000830451 _eLIBRO _fv.3 _h42636 _i51313 _mD _si |
||
| 949 |
_a635 U56 _bCIESTAM _cLIBRO _d513131 _eLIBRO _fv.1 _h106 _i51313 _sb |
||
| 949 |
_a635 U56 _bCIESTAM _cLIBRO _d513132 _eLIBRO _fv.2 _h107 _i51313 _sb |
||
| 949 |
_a635 U56 _bCIESTAM _cLIBRO _d513133 _eLIBRO _fv.3 _h108 _i51313 _sb |
||
| 999 |
_c46199 _d46199 |
||